000 00616nam a2200193Ia 4500
003 GCL
008 140319s9999 xx 000 0 ara d
040 _aGCL /
_cGCL
082 0 4 _a270.1
_bم ع
100 1 _aمحمد بن طاهر التنير البيروتى
245 1 0 _aالعقائد الوثنية فى الديانة النصرانية /
_cمحمد بن طاهر التنير البيروتى
260 _a[S.N] :
_bدار عصران ،
_c1993
300 _a248 ص
490 _a
650 0 4 _aالعقائد
650 0 4 _aاللاهوت
650 0 4 _aالدين والفلسفة
942 _2ddc
_cBK
999 _c54629
_d54629